| 000 | 00373 a2200109 4500 | ||
|---|---|---|---|
| 001 | ART_45087 | ||
| 005 | 20260410162038.0 | ||
| 008 | 260409a | ||
| 245 | 1 | 0 | _aPerspectivas sobre el trabajo infantil en la Argentina |
| 100 | 1 | _aRausky, María Eugenia | |
| 773 | 0 |
_tRevista de estudios regionales y mercado de trabajo _g- Nº 5 (ene./dic. 2009) _wREV44894 |
|
| 999 |
_c34657 _d34657 |
||